Obras completas de D. Armando Palacio Valdés. (Registro nro. 320300)

Detalles MARC
000 -ENCABEZADO
Número de control [NR] 01427nam a2200241Ia 4500
005 - FECHA Y HORA DE LA ÚLTIMA TRANSACCIÓN
control field 20230616124952.0
008 - DE LONGITUD FIJA DE DATOS DE ELEMENTOS - INFORMACIÓN GENERAL
Elementos de longitud fija [NR] 130821s1927 sp fr 1 spa
040 ## - FUENTE DE CATALOGACION [NR]
Agencia de catalogación original [NR] Co-BoUCM
Idioma de catalogación [NR] spa
Quien Cataloga Sandra Yazo
Quien Clasifica Sandra Yazo
041 0# - CODIGO DE IDIOMA [R]
Código de idioma para texto/pista de sonido o título separado [R] Español
082 04 - NUMERO DE CLASIFICACION DECIMAL DEWEY [R]
Número de clasificación [R] 863
Número de la edición [NR] 20
092 ## - SIGNATURA TOPOGRAFICA LOCAL
Número de clasificación local E51N060
100 1# - ASIENTO PRINCIPAL--NOMBRE PERSONAL [NR]
Nombre personal [NR] Palacio Valdés, Armando
ID Autoridad 149892
245 13 - MENCION DE TITULO [NR]
Título [NR] Obras completas de D. Armando Palacio Valdés.
Parte restante del título [NR] Tomo XXIII. La hija de Natalia (Últimos días del Doctor Angélico)
260 ## - PUBLICACION, DISTRIBUCION, ETC. (PIE DE IMPRENTA) [R]
Lugar de publicación, distribución, etc. [R] MAdrid (España)
Nombre del editor, distribuidor, etc. [R] Librería de Victoriano Suárez ; Imprenta Helénica
Fecha de publicación, distribución, etc. [R] 1927
300 ## - DESCRIPCION FISICA [R]
Extensión [R] 323 páginas
Dimensiones [R] 20 x 13 cm
500 ## - NOTA GENERAL [R]
Nota general [NR] Detalles físicos: Encuadernación rústica: lomo y tapas de papel. Anteportada. Portada impresa en una sola tinta. Texto impreso en una sola columna, con diferentes tipos y tamaños de letra. Notas de pie de página. Índice. Ejemplar desencuadernado. Papel con oxidación de tintas en bordes. Anteportada, desprendida. Hoja 320 hasta última, rasgadas en borde. Portada con sello de tinta, “Librería Colombiana. Camacho Roldán & Compañía. Bogotá”.
505 2# - NOTA DE CONTENIDO CON FORMATO PREESTABLECIDO [R]
Nota de contenido con formato preestablecido [NR] Cuaderno I: mayo y junio ; Cuaderno II: julio y agosto ; Cuaderno III: septiembre y octubre ; Cuaderno IV: Abril a Octubre
506 ## - NOTA DE RESTRICCIONES DE ACCESO [R]
Condiciones de acceso [NR] Consulta en sala
650 #7 - ASIENTO SECUNDARIO DE MATERIA - TERMINO TEMATICO [R]
Término temático o nombre geográfico como elemento de entrada [NR] Novela española
9 (RLIN) 20500
650 #7 - ASIENTO SECUNDARIO DE MATERIA - TERMINO TEMATICO [R]
Término temático o nombre geográfico como elemento de entrada [NR] Literatura española
9 (RLIN) 7793
Subdivisión cronológica [R] Siglo XIX y XX
690 ## - ASUNTO AGREGADO LOCAL DE ENTRADA - TÉRMINO TEMÁTICO (OCLC, RLIN)
Acceso temático local Literatura europea
9 (RLIN) 26524
942 ## - ELEMENTOS DE ENTRADA AGREGADOS (KOHA)
Tipo de ítem principal el descrito en 300a Libro
Tema principal 21
Edición 1
Sistema de clasificación LOCAL
Clasificación E51N060
Existencias
Suprimido Perdido Sistema de clasificación Dañado No prestable Tipo de ítem específico Ubicación habitual Ubicación actual Localización Fecha de creación Forma de adquisición Costo Volúmen / Fascículo Total préstamos Signatura topográfica Código de barras Última vez visto Ejemplar Price effective from Tipo de ítem
    LOCAL     Libro archivo Archivo Histórico Archivo Histórico Archivo histórico 11/01/2022 Donación 0.00 V.23   E51N060 L010657 11/01/2022 Ej.1 11/01/2022 Libro